Royal Navy Destroyers of World War II - Statistics

General Stats
  • This quiz has been taken 301 times
  • The average score is 89 of 500
Answer Stats
Class Date Commissioned Service Tenure Fate Answer % Correct
Tribal September 6, 1938 1938-1942 Sunk by German aircraft on September 14, 1942 Zulu
71%
G January 22, 1936 1936-1940 Sunk by the German heavy cruiser Admiral Hipper on April 8, 1940 Glowworm
67%
G Cancelled N/A N/A Glowworm
67%
D November 25, 1932 1932-1940 Sunk by U-23 on February 18, 1940 Daring
64%
Daring March 8, 1952 1952-1968 Scrapped in 1971 Daring
64%
Amazon May 5, 1927 1927-1946 Scrapped in 1948 Amazon
62%
Tribal June 14, 1938 1938-1941 Sunk by U-563 on October 27, 1941 Cossack
59%
C September 4, 1945 1945-1961 Scrapped in 1961 Cossack
59%
Ambuscade April 9, 1927 1927-1945 Scrapped in 1947 Ambuscade
55%
E September 28, 1934 1934-1940 Mined on August 31, 1940 Esk
50%
Tribal December 30, 1938 1938-1948 Scrapped in 1949 Eskimo
50%
H December 29, 1936 1936-1948 Sold to the Dominican Navy, scrapped in 1972 Hotspur
50%
Tribal December 21, 1938 1938-1949 Scrapped in 1949 Ashanti
48%
H (Flotilla Leader) December 11, 1936 1936-1940 Sunk in the First Battle of Narvik Hardy
48%
V August 14, 1943 1943-1944 Torpedoed by U-278, scuttled on January 30, 1944 Hardy
48%
K (Leader) August 23, 1939 1939-1941 Sunk by German aircraft on May 23, 1941 Kelly
48%
A February 11, 1930 1930-1940 Sunk by German battleships Scharnhorst and Gneisenau on June 8, 1940 Acasta
47%
A April 14, 1930 1930-1940 Sunk by German battleships Scharnhorst and Gneisenau on June 8, 1940 Ardent
47%
Tribal May 3, 1938 1938-1940 Sunk by German aircraft on May 3, 1940 Afridi
45%
J June 25, 1939 1939-1942 Mined on February 27, 1942 during the Battle of the Java Sea, sank the following day Jupiter
45%
Tribal December 5, 1938 1938-1942 Sunk by German aircraft on February 12, 1942 Maori
45%
G February 25, 1936 1936-1941 declared a constructive total loss on January 20, 1941 after being wrecked by German bombers Gallant
43%
G Cancelled N/A N/A Gallant
43%
Tribal October 21, 1938 1938-1940 Sunk by German aircraft on April 9, 1940 Gurkha
43%
L February 18, 1941 1941-1942 Sunk by U-133 on January 17, 1942 Gurkha
43%
H October 21, 1936 1936-1945 Transferred to Royal Canadian Navy, scrapped in 1946 Hero
43%
Tribal December 1, 1938 1938-1948 Scrapped in 1949 Nubian
43%
H September 30, 1936 1936-1940 Sunk in the First Battle of Narvik, April 10, 1940 Hunter
41%
J August 5, 1939 1939-1944 Sunk by German aircraft on January 23, 1944 Janus
41%
E September 13, 1934 1934-1942 Sunk in the Battle of the Java Sea, February 27, 1942 Electra
40%
Tribal October 12, 1938 1938-1942 Sunk on September 14, 1942 Sikh
40%
E October 22, 1934 1934-1956 Transferred to Greece as Navarinon, returned and scrapped in 1956 Echo
38%
J June 10, 1939 1939-1946 Scrapped in 1949 Javelin
38%
J (Leader) May 8, 1939 1939-1946 Scrapped in 1954 Jervis
38%
Tribal March 29, 1939 1939-1942 Rammed and sunk in the fog by HMS King George V on May 1, 1942 Punjabi
38%
B April 8, 1931 1931-1945 Scrapped in 1945 Bulldog
36%
I May 1, 1937 1937-1946 Scrapped in 1946 Icarus
36%
J August 25, 1939 1939-1941 Sunk by aircraft on May 21, 1941 Juno
36%
B April 9, 1931 1931-1945 Scrapped in 1946 Beagle
34%
Tribal March 15, 1939 1939-1942 Badly Damaged in the climax of Operation Harpoon and finished off by a torpedo on June 15, 1942 Bedouin
34%
D (Flotilla Leader) April 5, 1933 1933-1945 Scrapped in 1945 Duncan
34%
F May 18, 1935 1935-1944 Irreparably damaged by mine, June 21, 1944, scrapped in September 1944 Fury
34%
K December 22, 1939 1939-1942 Sunk by German aircraft on May 11, 1942 Kipling
34%
Tribal September 9, 1938 1938-1941 Sunk by Italian destroyer Luca Tarigo on April 16, 1941 Mohawk
34%
Tribal December 12, 1938 1938-1942 Sunk by U-703 on September 25, 1942 Somali
34%
Tribal March 10, 1939 1939-1946 Scrapped in 1948 Tartar
34%
V September 22, 1917 1917-1942 Transferred to Australia, sunk by IJN aircraft on April 9, 1942 Vampire
34%
A February 9, 1930 1930-1945 Scrapped in 1947 Active
33%
E November 2, 1934 1934-1946 Transferred to Canada as Gatineau, scuttled as breakwater in 1948 Express
33%
F June 6, 1935 1935-1947 Transferred to Canada as Qu'Appelle, scrapped in 1947 Foxhound
33%
J March 31, 1939 1939-1942 Bombed on May 11, 1942, scuttled the next day Jackal
33%
A March 27, 1930 1930-1942 Sunk by German Heavy Cruiser Admiral Hipper in the battle of Barents Sea, December 31, 1942 Achates
31%
A February 14, 1930 1930-1945 Scrapped in 1948 Anthony
31%
A (Flotilla Leader) June 4, 1930 1930-1940 Bombed and sunk on July 27, 1940 Codrington
31%
E November 2, 1934 1934-1942 Sunk in the Second Battle of the Java Sea, March 1, 1942 Encounter
31%
G July 1, 1936 1936-1940 Sunk by a mine, January 19, 1940 Grenville
31%
U (Leader) May 27, 1943 1943-1974 Scrapped in 1983 Grenville
31%
H January 16, 1937 1937-1942 Ran aground and wrecked on April 6, 1942 Havock
31%
I July 7, 1937 1937-1948 Scrapped in 1948 Ilex
31%
I June 30, 1937 1937-1941 Scuttled on May 29, 1941 Imperial
31%
K October 26, 1939 1939-1941 Sunk by German aircraft on May 23, 1941 Kashmir
31%
O (Leader) October 8, 1941 1941-1980 Transferred to Pakistan as Tippu Sultan, scrapped in 1980 Onslow
31%
B April 8, 1931 1931-1940 Sunk by German aircraft on July 20, 1940 Brazen
29%
D November 3, 1932 1932-1941 Sunk by German air attack, April 27, 1941 Diamond
29%
Daring February 21, 1952 1952-1970 Scrapped in 1981 Diamond
29%
F April 26, 1935 1935-1968 Sold to the Dominican Republic as Generalisimo, scrapped in 1968 Fame
29%
F December 19, 1934 1934-1941 Torpedoed and sunk by Italian aircraft, July 23, 1941 Fearless
29%
F March 29, 1935 1935-1945 Scrapped in 1946 Forester
29%
I July 29, 1937 1937-1943 Sunk in air attack on September 27, 1943 Intrepid
29%
J April 28, 1939 1939-1941 Mined on May 2, 1941, sank two days later Jersey
29%
K October 10, 1939 1939-1941 Mined off Tripoli on December 19, 1941 Kandahar
29%
K November 27, 1939 1939-1946 Scrapped in 1949 Kelvin
29%
K September 14, 1939 1939-1942 Bombed on April 11, 1942, written off Kingston
29%
L May 28, 1941 1941-1943 Sunk by German torpedo boat S-55 on March 12, 1943 Lightning
29%
Tribal March 30, 1939 1939-1941 Sunk by German aircraft on May 28, 1941 Mashona
29%
V November 3, 1917 1917-1945 Scrapped in 1946 Verdun
29%
B March 4, 1931 1931-1940 Sunk by German aircraft during Dunkirk evacuation on June 1, 1940 Basilisk
28%
E (Flotilla Leader) November 9, 1934 1934-1940 Sunk by U-22, on January 21, 1940 Exmouth
28%
F (Flotilla Leader) May 24, 1935 1935-1945 Scrapped in 1946 Faulknor
28%
F May 30 , 1935 1935-1942 Sunk by U-211, December 16, 1942 Firedrake
28%
F May 15, 1935 1935-1942 Torpedoed and sunk by Italian aircraft, August 13, 1942 Foresight
28%
G February 1, 1936 1936-1941 Sunk by German aircraft on May 22, 1941 Greyhound
28%
G Cancelled N/A N/A Greyhound
28%
H November 11, 1936 1936-1942 Sunk by German E-boat on June 15, 1942 Hasty
28%
I June 2, 1937 1937-1944 Mined on July 20, 1944 Isis
28%
B (Flotilla Leader) March 20 ,1931 1931-1940 Sunk by German aircraft during Dunkirk evacuation on June 1, 1940 Keith
28%
K February 21, 1940 1940-1946 Scrapped in 1949 Kimberley
28%
Tribal January 25, 1939 1939-1942 Sunk by U-454 on January 17, 1942 Matabele
28%
N (Leader) December 11, 1940 1940-1945 Scrapped in 1955 Napier
28%
N December 19, 1940 1940-1945 Transferred to Australia, scrapped in 1955 Nizam
28%
A April 13, 1930 1930-1943 Damaged beyond repair from explosion on August 4, 1943 Arrow
26%
B April 7, 1931 1931-1944 Sunk by German aircraft on June 13, 1944 Boadicea
26%
B February 21, 1931 1931-1945 Scrapped in 1948 Brilliant
26%
C June 2, 1942 1932-1945 Transferred to Canada as Restigouche, scrapped in 1946 Comet
26%
C June 6, 1945 1945-1958 Scrapped in 1962 Comet
26%
D December 22, 1932 1932-1941 Sunk by German air attack on February 24, 1941 Dainty
26%
Daring February 26,1953 1953-1971 Scrapped in 1971 Dainty
26%
D January 31, 1933 1933-1940 Sunk by German air attack, July 29, 1940 Delight
26%
Daring October 9, 1953 1953-1971 Scrapped in 1971 Delight
26%
D January 24, 1933 1933-1939 Sunk in a collision with the battleship HMS Barham, December 12, 1939 Duchess
26%
Daring October 23, 1952 1952-1980 Scrapped in 1980 Duchess
26%
G February 22, 1936 1936-1939 Sunk by a mine on November 21, 1939 Gipsy
26%
G March 20, 1936 1936-1940 Sunk by U-62 on May 29, 1940 Grafton
26%
G Cancelled N/A N/A Grafton
26%
G March 28, 1936 1936-1940 Sunk by German Aircraft on May 29, 1940 Grenade
26%
Weapon Cancelled N/A N/A Grenade
26%
H May 23, 1940 1940-1942 Sunk by U-432 on March 11, 1942 Harvester
26%
H December 9, 1936 1936-1941 Sunk by German aircraft on May 28, 1941 Hereward
26%
I June 2, 1937 1937-1940 Sunk in collision with HMS Glasgow, July 16, 1940 Imogen
26%
J September 12, 1939 1939-1942 Sunk by U-652 on March 26, 1942 Jaguar
26%
C (Flotilla Leader) May 30, 1932 1932-1945 Transferred to Canada as Assiniboine, Wrecked in route to breakers, then scrapped in 1945 Kempenfelt
26%
W (Leader) January 18, 1944 1944-1971 Transferred to Yugoslavia as Kotor, scrapped in 1971 Kempenfelt
26%
N September 29, 1941 1941-1945 Transferred to Australia, scrapped in 1958 Norman
26%
P June 15, 1942 1942-1960 Scrapped in 1967 Petard
26%
Q April 15, 1942 1942-1942 Torpedoed and sunk by German aircraft on December 2, 1942 Quentin
26%
Battle July 23, 1945 1945-1963 Scrapped in 1971 Trafalgar
26%
A October 13, 1931 1931-1940 Mined on December 17, 1940 Acheron
24%
Battle June 25, 1947 1947-1972 Scrapped in 1974 Agincourt
24%
B February 20, 1931 1931-1951 Transferred to Greece as Salamis, scrapped in 1952 Boreas
24%
D December 21, 1932 1932-1940 Transferred to Canada as Margaree, sunk following collision on October 22, 1940 Diana
24%
Daring March 29, 1954 1954-1993 Sold to Peru, scrapped in 1993 Diana
24%
E November 29, 1934 1934-1943 Mined on October 24, 1943 Eclipse
24%
E October 30, 1934 1934-1940 Fatally damaged by Italian submarine Guglielmo Marconi on July 11, 1940 Escort
24%
F April 27, 1935 1935-1946 Transferred to Canada as Saskatchewan, scrapped in 1946 Fortune
24%
G March 3, 1936 1936-1947 Sold to the Dutch Navy, scrapped in 1964 Garland
24%
H December 19, 1939 1939-1940 Scuttled on June 1, 1940 after air attack by Stuka dive bombers Havant
24%
I March 1, 1937 1937-1945 Scrapped in 1946 Impulsive
24%
I January 24, 1942 1942-1960 Returned to Turkey as Muavenet, scrapped in 1960 Inconstant
24%
I March 3, 1942 1942-1942 Damaged beyond repair by bombers on November 28, 1942 Ithuriel
24%
I August 24, 1937 1937-1940 Mined on September 1, 1940 Ivanhoe
24%
L December 19, 1940 1940-1942 Sunk by German bombers on March 26, 1942 Legion
24%
L January 30, 1942 1942-1948 Scrapped in 1948 Lookout
24%
M December 2, 1941 1941-1970 Transferred to Turkey, as Cakmak, scrapped in 1970 Marne
24%
O September 20, 1941 1941-1959 Transferred to Pakistan as Tariq, scrapped in 1959 Offa
24%
O July 5, 1941 1941-1965 Sold to Turkey as Gayret, scrapped in 1965 Oribi
24%
Battle Cancelled N/A Broken up on the slipway Somme
24%
A March 20, 1930 1930-1945 Scrapped in 1946 Antelope
22%
Weapon October 4, 1948 1948-1968 Scrapped in 1968 Broadsword
22%
C April 21, 1932 1932-1940 Transferred to Canada as Fraser, sunk in collision with HMS Calcutta, June 25, 1940 Crescent
22%
C August 21, 1945 1945-1970 Transferred to Canada, scrapped in 1971 Crescent
22%
E August 30, 1934 1934-1946 Scrapped in 1947 Escapade
22%
H March 18, 1940 1940-1946 Scrapped in 1946 Highlander
22%
H September 10, 1936 1936-1940 Crippled by a mine and scuttled, August 23, 1940 Hostile
22%
I June 15, 1937 1937-1944 Sunk by German glide bomb on February 25, 1944 Inglefield
22%
L May 13, 1941 1941-1942 sunk by Germans bombers on April 9, 1942 Lance
22%
L July 20, 1941 1941-1942 Sunk by German bombers on May 11, 1942 Lively
22%
M August 12, 1942 1942-1979 Transferred to Turkey as Piyala Pasa, Scrapped in 1979 Meteor
22%
N May 29, 1942 1942-1945 Transferred to Australia, scrapped in 1956 Nepal
22%
N February 20, 1942 1942-1957 Transferred to the Dutch as Van Galen, scrapped in 1957 Noble
22%
O October 17, 1942 1942-1961 Scrapped in 1965 Orwell
22%
Q July 6, 1942 1942-1964 Transferred to Australia, scrapped in 1972 Quiberon
22%
S April 13, 1918 1918-1947 Scrapped in 1947 Scimitar
22%
S June 11, 1919 1919-1942 Sunk by Japanese aircraft, April 5, 1942 Tenedos
22%
W July 9, 1924 1924-1945 Scrapped in 1945 Whitehall
22%
Weapon June 12, 1945 1945-1964 Scrapped in 1964 Battleaxe
21%
C April 1, 1932 1932-1947 Transferred to Canada as St Laurent, scrapped in 1947 Cygnet
21%
H February 10, 1940 1940-1946 Scrapped in 1946 Havelock
21%
H January 22, 1940 1940-1946 Scrapped in 1947 Hesperus
21%
H June 21, 1940 1940-1943 Crippled by U-415, scuttled on December 25, 1943 Hurricane
21%
H December 3, 1936 1936-1940 Crippled by a mine and scuttled on December 22, 1940 Hyperion
21%
Battle July 30, 1947 1947-1961 Scrapped in 1965 Jutland
21%
L (Leader) August 26, 1941 1941-1944 Sunk by U-223 on March 30, 1944 Laforey
21%
N June 12, 1941 1941-1942 Scuttled after being bombed by Italian aircraft on June 15, 1942 Nestor
21%
N October 30, 1942 1942-1961 Transferred to the Dutch as Tjerk Hiddes, Scrapped in 1961 Nonpareil
21%
Q September 14, 1942 1942-1963 Transferred to Australia, scrapped in 1972 Quickmatch
21%
Q (Leader) October 22, 1942 1942-1957 Transferred to the Dutch as Banckert, scrapped in 1957 Quilliam
21%
U December 23, 1943 1943-1960 Scrapped in 1965 Undine
21%
V December 14, 1917 1917-1945 Scrapped in 1947 Vega
21%
W April 18, 1918 1918-1945 Scrapped in 1947 Westminster
21%
W April 29, 1918 1918-1945 Scrapped in 1946 Winchester
21%
W September 20, 1922 1922-1943 Mined in the North Sea on December 23, 1943, written off Worcester
21%
Z February 17, 1944 1944-1970 Scrapped in 1971 Zebra
21%
B February 14, 1931 1931-1939 Mined on November 13, 1939 Blanche
19%
C May 2,, 1942 1932-1942 Transferred to Canada as Ottawa, sunk by U-91 on September 14, 1942 Crusader
19%
C November 26 ,1945 1945-1964 Scrapped in 1964 Crusader
19%
D October 31, 1932 1932-1941 Scuttled after damaged from German bombers, July 11, 1941 Defender
19%
Daring December 5, 1952 1952-1969 Scrapped in 1972 Defender
19%
G March 6, 1936 1936-1945 Transferred to the Royal Canadian Navy, scrapped in 1946 Griffin
19%
K November 6, 1939 1939-1940 Sank on June 23, 1940 Khartoum
19%
L October 31, 1942 1942-1944 Scrapped in 1948 Loyal
19%
M April 4, 1942 1942-1942 Sunk by U-431 on November 10, 1942 Martin
19%
M February 12, 1942 1942-1971 Sold to Turkey as Kilic Ali Pasa, scrapped in 1971 Matchless
19%
M (Leader) August 6, 1942 1942-1970 Transferred to Turkey as Alp Arslan, scrapped in 1970 Milne
19%
O October 30, 1942 1942-1957 Scrapped in 1962 Obedient
19%
O June 19, 1942 1942-1977 Transferred to Pakistan as Tughril, scrapped in 1977 Onslaught
19%
P December 12, 1941 1941-1961 Scrapped in 1962 Paladin
19%
P February 10, 1942 1942-1950 Scrapped in 1950 Penn
19%
R November 16, 1942 1943-1971 Sold to India as Rana, scrapped in 1971 Raider
19%
R November 30, 1942 1942-1971 Scrapped in 1971 Relentless
19%
R June 10, 1943 1943-1969 Scrapped in 1969 Roebuck
19%
S November 9, 1918 1918-1945 Scrapped in 1945 Sabre
19%
S (Leader) July 1, 1943 1943-1946 TCL due to damage from a mine, Scrapped in 1950 Saumarez
19%
S June 8, 1943 1943-1962 Scrapped in 1962 Savage
19%
S May 11, 1943 1943-1962 Transferred to the Dutch, Scrapped in 1963 Scorpion
19%
Weapon September 17, 1947 1947-1963 Scrapped in 1971 Scorpion
19%
S April 1940 1924-1945 Scrapped in 1945 Shikari
19%
V June 27, 1917 1917-1940 Beached after attack by German dive bombers, May 15, 1940 Valentine
19%
V February 28, 1944 1944-1970 Transferred to Canada as Algonquin, Scrapped in 1971 Valentine
19%
V December 29, 1945 1917-1945 Scrapped in 1948 Vivacious
19%
W November 14, 1919 1919-1942 Lost in collision with Spanish trawler on June 17, 1942 Wild Swan
19%
W March 15, 1918 1918-1944 Scrapped in 1945 Winchelsea
19%
W April 27, 1918 1918-1946 Scrapped in 1948 Wolfhound
19%
Z October 9, 1944 1944-1967 Transferred to Israel as Eilat, sunk in 1967 Zealous
19%
Weapon Cancelled N/A N/A Dagger
17%
D April 4, 1933 1933-1946 Transferred to Canada as Kootenay, scrapped in 1946 Decoy
17%
Daring April 28, 1953 1953-2007 Sold to Peru, presumed scrapped Decoy
17%
M April 8, 1943 1943-1944 Sunk by U-990 on February 25 ,1944 Mahratta
17%
Weapon Cancelled N/A N/A Musket
17%
O September 3, 1942 1942-1957 Scrapped in 1965 Obdurate
17%
O August 14, 1942 1942-1952 Scrapped in 1955 Opportune
17%
P August 5, 1941 1941-1942 Sunk by U-565 on December 18, 1942 Partridge
17%
P August 31, 1942 1942-1947 Cut in two by damage from German torpedo hit, scrapped in 1947 Porcupine
17%
R February 20, 1943 1943-1965 Sunk as a target in 1981 Rapid
17%
R August 4, 1943 1943-1966 Scrapped in 1967 Rocket
17%
S April 11, 1919 1919-1945 Scrapped in 1947 Saladin
17%
Scott (Admiralty) December 21, 1918 1918-1947 Scrapped in 1947 Stuart
17%
S December 12, 1943 1943-1943 Mined on June 24, 1944 Swift
17%
T January 20, 1944 1944-1960 Scrapped in 1966 Terpsichore
17%
S August 3, 1919 1919-1942 Sunk in the Battle off Endau, January 27, 1942 Thanet
17%
T April 2, 1943 1943-1965 Scrapped in 1965 Tumult
17%
T April 8, 1943 1943-1956 Scrapped in 1965 Tyrian
17%
V October 17, 1917 1917-1945 Transferred to Australia, scuttled in 1948 off Sydney Vendetta
17%
V September 17, 1919 1919-1945 Scrapped in 1947 Verity
17%
V January 18, 1918 1918-1945 Scrapped in 1948 Viceroy
17%
V March 4, 1918 1918-1945 Scrapped in 1945 Viscount
17%
V November 7, 1919 1919-1945 Scrapped in 1947 Volunteer
17%
Battle Cancelled N/A Broken up on the slipway Waterloo
17%
W May 11, 1918 1918-1940 Bombed and sunk by German aircraft on May 24, 1940 Wessex
17%
W May 11, 1944 1944-1980 Transferred to South Africa, Sunk as a target in 1980 Wessex
17%
W August 28, 1918 1918-1945 Scrapped in 1947 Windsor
17%
W February 27, 1920 1920-1945 Scrapped in 1946 Wolverine
17%
Z July 18, 1944 1944-1959 Scrapped in 1959 Zambesi
17%
J Cancelled in December 1937 N/A N/A Jubilant
16%
Scott (Admiralty) December 14, 1919 1919-1945 Scrapped in 1945 Montrose
16%
N November 4, 1940 1940-1955 Transferred to Poland as Piorun, returned as Noble, scrapped in 1955 Nerissa
16%
P December 12, 1941 1941-1943 Sunk by German dive bombers on October 9, 1943 Panther
16%
Q January 7, 1943 1943-1944 Mined, sank under tow on May 18, 1944 Quail
16%
R (Leader) August 27, 1942 1942-1970 Transferred to India as Rajput scrapped in 1970 Rotherham
16%
R February 19, 1917 1917-1947 Scrapped in 1947 Skate
16%
S April 1, 1922 1922-1945 Grounded December 17, 1941, captured by the IJN Thracian
16%
U June 30, 1943 1943-1977 Scrapped in 1980 Ulster
16%
V March 9, 1918 1918-1947 Scrapped in 1947 Vancouver
16%
V June 11, 1918 1918-1945 Scrapped in 1947 Vanity
16%
V April 1, 1918 1918-1945 Scrapped in 1947 Velox
16%
V Venomous
16%
V February 20, 1918 1918-1945 Scrapped in 1948 Vesper
16%
V April 27, 1918 1918-1947 Scrapped in 1947 Vidette
16%
V September 19, 1918 1918-1942 Mined on January 9, 1942 Vimiera
16%
Battle Cancelled N/A Reordered as HMS Danae Vimiera
16%
V June 24, 1918 1918-1942 Transferred to Australia, ran aground September 23, 1942, scuttled Voyager
16%
W November 16, 1917 1917-1940 Sunk by German E-boat, May 29, 1940 Wakeful
16%
W February 17, 1944 1944-1970 Scrapped in 1971 Wakeful
16%
W August 7, 1918 1918-1945 Irreparably damaged by a mine on January 6, 1945, scrapped in 1945 Walpole
16%
W May 1, 1918 1918-1945 Scrapped in 1947 Wolsey
16%
W January 27, 1923 1923-1940 Sunk by German aircraft on July 27, 1940 Wren
16%
Hunt March 23, 1940 1940-1945 Scrapped in 1957 Atherstone
14%
Scott (Admiralty) December 11, 1918 1918-1947 Scrapped in 1947 Campbell
14%
C July 28, 1944 1944-1966 Scrapped in 1967 Cassandra
14%
Scott (Admiralty) September 2, 1918 1918-1945 Scrapped in 1945 Douglas
14%
Battle November 27, 1946 1947-1963 Scrapped in 1965 Dunkirk
14%
Battle November 2, 1945 1945-1960 Scrapped in 1967 Lagos
14%
Hunt II February 11, 1942 1942-1958 Scrapped in 1958 Ledbury
14%
Scott (Admiralty) June 1919 1919-1945 Scrapped in 1949 Mackay
14%
Battle Cancelled N/A Broken up on the slipway Mons
14%
M September 18, 1942 1942-1955 Scrapped in 1955 Musketeer
14%
Q November 26, 1942 1942-1957 Transferred to Australia, scrapped in 1963 Quadrant
14%
Q September 7, 1942 1942-1946 Transferred to Australia, scrapped in 1946 Quality
14%
Q December 10, 1942 1942-1972 Transferred to Australia, scrapped in 1975 Queenborough
14%
R October 1, 1942 1943-1979 Transferred to India as Ranjit, Redoubt
14%
S July 12, 1919 1919-1945 Scrapped in 1945 Sardonyx
14%
S July 14, 1943 1943-1963 Transferred to the Dutch, Scrapped in 1963 Scourge
14%
Weapon Cancelled N/A N/A Spear
14%
Battle January 21, 1946 1946-1957 Scrapped in 1962 St Kitts
14%
S July 2, 1919 1919-1942 Sunk by IJN heavy cruiser Maya and destroyers Arashi and Nowaki on March 2, 1942 Stronghold
14%
S August 26, 1943 1943-1959 Transferred to Norway as Stord, Scrapped in 1959 Success
14%
T October 8, 1943 1943-1964 Scrapped in 1965 Termagant
14%
U December 23, 1943 1943-1963 Scrapped in 1970 Ulysses
14%
V April 27, 1918 1918-1945 Scrapped in 1947 Vanessa
14%
V February 21, 1944 1944-1963 Transferred to Canada as Sioux, Scrapped in 1965 Vixen
14%
Shakespeare (Thornycroft) October 10, 1917 1917-1945 Scrapped in 1946 Wallace
14%
W September 18, 1919 1919-1945 Scrapped in 1946 Wanderer
14%
W March 18, 1918 1918-1944 Sunk by U-413 on February 20, 1944 Warwick
14%
W April 17, 1918 1918-1941 Sunk by Axis aircraft on June 30, 1941 Waterhen
14%
W October 14, 1918 1918-1940 Beached after being bombed by German aircraft, May 19, 1940 Whitley
14%
W June 1920 1920-1945 Scrapped in 1945 Wishart
14%
W December 23, 1919 1919-1945 Scrapped in 1947 Wivern
14%
W June 26, 1918 1918-1946 Scrapped in 1947 Woolston
14%
W November 11, 1918 1918-1941 Sunk by German aircraft, April 27, 1941 Wryneck
14%
Battle Cancelled N/A Reordered as HMS Delight Ypres
14%
Z October 23, 1944 1944-1972 Transferred to Israel as Yaffo, scrapped in 1972 Zodiac
14%
Hunt April 17, 1942 1942-1979 To Poland as Slazak, Transferred to India as Godavari, Scrapped in 1979 Bedale
12%
Hunt May 9, 1942 1942-1956 Scrapped in 1956 Bicester
12%
Shakespeare (Thornycroft) April 15, 1925 1925-1942 Sunk from damaged received by shore batteries, November 10, 1942 Broke
12%
C (Leader) October 5, 1944 1944-1965 Scrapped in 1967 Caesar
12%
C September 28, 1945 1945-1964 Scrapped in 1966 Chequers
12%
C December 11, 1945 1945-1960 Scrapped in 1962 Cheviot
12%
Hunt July 20, 1942 1942-1943 Sunk by German torpedo boat S-90 on April 13, 1943 Eskdale
12%
Shakespeare (Thornycroft) April 15, 1925 1925-1945 Scrapped in 1945 Keppel
12%
M November 18, 1942 1942-1943 Transferred to Poland as Orkan, sunk by U-378 on October 8, 1943 Myrmidon
12%
P February 4, 1942 1942-1943 Scuttled after the Battle of Cigno Convoy on April 16, 1943 Pakenham
12%
P April 13, 1942 1942-1945 Crippled by Japanese aircraft on February 11, 1945, never repaired and scrapped in 1948 Pathfinder
12%
Weapon Cancelled N/A N/A Rifle
12%
S June 15, 1918 1918-1945 Scrapped in 1946 Scout
12%
S March 11, 1944 1944-1944 Transferred to Norway as Svenner, sunk by German torpedo boat on June 6, 1944 Shark
12%
S October 8, 1919 1919-1940 Ran aground off the island of Tiree, October 30, 1940 Sturdy
12%
T September 13, 1943 1943-1961 Scrapped in 1965 Teazer
12%
T March 8, 1943 1943-1969 Scrapped in 1970 Troubridge
12%
U March 3, 1944 1944-1974 Sunk as a target in 1978 Undaunted
12%
U January 18, 1944 1944-1962 Scrapped in 1971 Urania
12%
U March 1, 1944 1944-1967 Scrapped in 1967 Ursa
12%
V August 15, 1917 1917-1945 Scrapped in 1945 Vanoc
12%
V November 5, 1919 1919-1945 Scrapped in 1946 Vansittart
12%
V November 13, 1919 1919-1942 Sunk by U-404, September 26, 1942 Veteran
12%
V January 21, 1918 1918-1942 Sunk by E-boats on March 15, 1942 Vortigern
12%
W April 14, 1944 1944-1971 Transferred to Yugoslavia as Pula, scrapped in 1971 Wager
12%
W February 2, 1918 1918-1945 Scrapped in 1946 Walker
12%
W June 11, 1919 1919-1945 Scrapped in 1947 Whitshed
12%
Z December 22, 1944 1944-2016?!! Transferred to Egypt as El Fateh, Scrapped in 2016 Zenith
12%
Hunt II June 27, 1942 1942-1956 Transferred to Norway as Tromso, scrapped in 1965 Zetland
12%
Hunt January 8, 1942 1942-1942 Sunk by German dive bombers, June 15, 1942 Airedale
10%
Battle March 20, 1947 1947-1959 Scrapped in 1964 Alamein
10%
Hunt February 22, 1942 1942-1969 Transferred to West Germany as Raule, Scrapped in 1969 Albrighton
10%
Battle July 2, 1945 1945-1960 Scrapped in 1965 Armada
10%
Hunt February 17, 1941 1941-1958 Scrapped in 1958 Avon Vale
10%
Hunt August 28, 1941 1941-1961 Transferred to Norway as Arendal, scrapped in 1965 Badsworth
10%
Battle September 14, 1944 1944-1958 Scrapped in 1966 Barfleur
10%
Battle June 18, 1945 1945-1962 Scrapped in 1970 Camperdown
10%
C November 6, 1944 1944-1963 Scrapped in 1967 Carron
10%
C November 22, 1944 1944-1972 Museum ship in Chatham Historic Dockyard since 1998 Cavalier
10%
C August 23, 1945 1945-1964 Scrapped in 1969 Chevron
10%
C (Leader) December 19, 1945 1945-1951 Scrapped in 1963 Childers
10%
C July 8, 1946 1946-1955 Scrapped in 1958 Comus
10%
C March 19, 1946 1946-1960 Scrapped in 1961 Consort
10%
Hunt December 29, 1940 1940-1986 Sold to Egypt, reduced to accommodation hulk in 1986 Cottesmore
10%
Weapon Cancelled N/A N/A Culverin
10%
Weapon Cancelled N/A N/A Cutlass
10%
Hunt February 28, 1941 1941-1942 Total Constructive loss on August 29, 1942, scrapped in 1946 Eridge
10%
Battle June 14, 1946 1946-1957 Scrapped in 1961 Gravelines
10%
Hunt II December 24, 1941 1941-1960 Loaned to Greece as Aigaion, scrapped in 1960 Lauderdale
10%
Scott (Admiralty) December 14, 1919 1919-1945 Scrapped in 1945 Malcolm
10%
Battle September 5, 1947 1947-1977 Scrapped in 1979 Matapan
10%
Hunt II July 30, 1941 1941-1943 Sunk by U-617 on September 6, 1943 Puckeridge
10%
R October 30, 1942 1943-1949 Scrapped in 1949 Racehorse
10%
Weapon Cancelled N/A N/A Rapier
10%
S December 23, 1943 1943-1962 Transferred to the Dutch, Scrapped in 1962 Serapis
10%
T October 30, 1943 1943-1965 Scrapped in 1965 Tenacious
10%
T March 11, 1943 1943-1966 Scrapped in 1966 Tuscan
10%
U September 24, 1943 1943-1964 Scrapped in 1967 Urchin
10%
V August 21, 1917 1917-1945 Scrapped in 1947 Valorous
10%
V October 2, 1917 1917-1945 Scrapped in 1948 Vanquisher
10%
V December 19, 1917 1917-1940 Mined in the Thames estuary, October 1940 Venetia
10%
V August 28, 1943 1943-1964 Scrapped in 1972 Venus
10%
V November 3, 1917 1917-1945 Scrapped in 1946 Versatile
10%
V November 5, 1943 1943-1963 Scrapped in 1965 Virago
10%
V May 26, 1944 1944-1956 Scrapped in 1977 Volage
10%
Hunt III October 20, 1942 1942-1944 Scrapped in 1947 Wensleydale
10%
W March 15, 1918 1918-1940 Sunk by U-5 on July 5, 1940 Whirlwind
10%
W July 20, 1944 1944-1966 Foundered in 1974, Whirlwind
10%
W March 1924 1924-1945 Scrapped in 1945 Witch
10%
W October 10, 1919 1919-1945 Wrecked in route to the breakers in 1947 Witherington
10%
W May 15, 1918 1918-1944 Irreparably damaged by mine on June 6, 1944 Wrestler
10%
Z September 6, 1944 1944-1953 Scrapped in 1958 Zephyr
10%
Z July 12 ,1944 1944-1968 Scrapped in 1970 Zest
10%
Hunt March 29, 1942 1942-1945 Scrapped in 1957 Belvoir
9%
Battle April 12, 1946 1946-1953 Sold to Pakistan, Sunk during Indo-Pakistani war in 1971 Cadiz
9%
C April 5, 1944 1944-1973 Scrapped in 1979 Caprice
9%
C (Leader) December 13, 1944 1944-1964 Scrapped in 1967 Cavendish
9%
C August 24, 1945 1945-1961 Scrapped in 1965 Chaplet
9%
C November 19, 1945 1945-1971 Transferred to Pakistan, irreparably damaged, scrapped in 1971 Charity
9%
Hunt October 16, 1941 1941-1975 Sold to India as Ganga, scrapped in 1975 Chiddingfold
9%
C March 7, 1946 1946-1961 Scrapped in 1961 Chieftain
9%
Weapon Cancelled N/A N/A Claymore
9%
C September 29, 1945 1945-1958 Scrapped in 1964 Cockade
9%
C December 20, 1946 1946-1961 Scrapped in 1962 Concord
9%
C October 14, 1946 1946-1982 To Pakistan as Alamgir, scrapped in 1982 Creole
9%
C September 16, 1946 1946-1966 to Norway as Bergen, scrapped in 1967 Cromwell
9%
Weapon March 4, 1948 1948-1963 Scrapped in 1971 Crossbow
9%
C April 17, 1947 1947-1967 To Norway as Oslo, scrapped in 1968 Crown
9%
Hunt III April 24, 1942 1942-1943 Scrapped in 1947 Derwent
9%
Hunt October 18, 1940 1940-1941 Sunk by German torpedo boat S-40 on February 25, 1941 Exmoor
9%
Hunt April 27, 1941 1941-1962 Scrapped in 1962 Farndale
9%
Hunt May 29, 1940 1940-1956 Scrapped in 1956 Fernie
9%
Battle September 11, 1945 1945-1965 Scrapped in 1967 Finisterre
9%
Hunt June 12, 1942 1942-1961 Transferred to Norway, scrapped in 1961 Glaisdale
9%
Weapon Cancelled N/A N/A Halberd
9%
Hunt II August 16, 1941 1941-1975 Sold to India as Gomati, scrapped in 1975 Lamerton
9%
Hunt II February 28, 1941 1941-1948 Scrapped in 1948 Liddesdale
9%
Weapon Cancelled N/A N/A Longbow
9%
Hunt October 12, 1940 1940-1970 Sold to Egypt, capture by Israel in 1956 as Haifa, scrapped in 1970 Mendip
9%
Hunt October 23, 1940 1940-1955 Scrapped in 1956 Pytchley
9%
R February 1917 1917-1957 Transferred to Thai Navy as Phra Ruang, scrapped in 1959 Radiant
9%
Hunt II May 28, 1941 1941-1946 Transferred to Poland as Krakowiak, scrapped in 1959 Silverton
9%
Battle Cancelled N/A Broken up on the slipway St Lucia
9%
V December 12, 1943 1943-1970 Scrapped in 1972 Verulam
9%
V May 28, 1918 1918-1945 Scrapped in 1948 Vivien
9%
W January 26, 1918 1918-1945 Scrapped in 1945 Watchman
9%
W April 12, 1918 1918-1945 Scrapped in 1946 Westcott
9%
W March 30, 1944 1944-1966 Scrapped in 1967 Wizard
9%
W July 14, 1944 1944-1963 Transferred to South Africa, Sunk as a target in 1976 Wrangler
9%
Battle March 20, 1947 1947-1968 Scrapped in 1970 Aisne
7%
Hunt November 3, 1941 1941-1956 Transferred to Norway as Haugesund, scrapped in 1965 Beaufort
7%
Hunt IV February 12, 1943 1942-1965? Scrapped in 1965 Brissenden
7%
Hunt December 11, 1941 1941-1962 To Denmark as Ralf Krake, scrapped in 1966 Calpe
7%
C July 17, 1944 1944-1968 Scrapped in 1971 Cambrian
7%
C February 10, 1945 1945-1969 Scrapped in 1970 Carysfort
7%
Hunt III June 12, 1942 1942-1963 Sold to Greece, Scrapped in 1963 Catterick
7%
Hunt July 22, 1940 1940-1946 Scrapped in 1957 Cattistock
7%
C December 31, 1945 1945-1956 Scrapped in 1956 Constance
7%
C November 9, 1945 1945-1959 Scrapped in 1960 Contest
7%
Hunt July 29, 1942 1942-1959 Scrapped in 1959 Cowdray
7%
C July 10, 1946 1946-1982 To Pakistan as Jahangir, scrapped in 1982 Crispin
7%
C November 30, 1945 1945-1961 to Norway as Trondheim, Scrapped in 1961 Croziers
7%
C February 6, 1946 1946-1966 to Norway as Stavanger, Scrapped in 1967 Crystal
7%
Hunt III January 21, 1943 1943-1968 Transferred to West Germany as Brommy, scrapped in 1969 Eggesford
7%
Hunt August 28, 1940 1940-1956 Scrapped in 1956 Eglinton
7%
Battle December 10, 1946 1946-1953 Sold to Pakistan, scrapped in 1985 Gabbard
7%
Hunt July 1, 1940 1940-1956 Scrapped in 1958 Garth
7%
G Cancelled N/A N/A Gauntlet
7%
Battle July 24, 1945 1945-1959 Scrapped in 1962 Hogue
7%
Z (Leader) June 23, 1944 1944-1970 Transferred to Egypt, sunk in 1970 during War of Attrition Myngs
7%
Hunt III August 25, 1942 1942-1942 Sunk by German E boat on December 3, 1942 Penylan
7%
Hunt February 6, 1941 1941-1978 Sold to Ecuador, scrapped in 1978 Quantock
7%
Hunt September 21, 1940 1940-1944 Sunk by human torpedo on August 3, 1944 Quorn
7%
Battle September 27, 1946 1946-1962 Scrapped in 1972 Saintes
7%
Battle September 30, 1946 1946-1953 Transferred to Iran, non-operational since 1990 Sluys
7%
Battle September 25, 1945 1945-1962 Scrapped in 1967 Solebay
7%
Battle July 12, 1946 1946-1957 Scrapped in 1961 St James
7%
Hunt III May 19, 1943 1943-1961 Scrapped in 1961 Talybont
7%
Hunt June 5, 1940 1940-1943 Sunk by U-593 on December 12, 1943 Tynedale
7%
Battle December 9, 1946 1946-1959 Scrapped in 1964 Vigo
7%
W April 25, 1944 1944-1976 Transferred to South Africa, scrapped in 1976 Whelp
7%
Hunt II February 18, 1942 1942-1952 Scrapped in 1959 Wilton
7%
Battle Cancelled on October 15, 1945 after she was launched Cancelled Broken up incomplete in 1950 Albuera
5%
Hunt February 5, 1942 1942-1944 Mined on December 14, 1944 Aldenham
5%
Battle Cancelled N/A Scrapped immediately upon launching Belle Isle
5%
Hunt June 6, 1940 1940-1942 Scuttled on August 19, 1942 after being bombed Berkeley
5%
Hunt II April 14, 1942 1942-1965 Transferred to Denmark as Esbern Snare, scrapped in 1966 Blackmore
5%
Hunt April 11, 1941 1941-1957 Scrapped in 1958 Blankney
5%
Hunt December 11, 1942 1942-1942 Sunk by U-443 on December 11, 1942 Blean
5%
Hunt April 16, 1942 1942-1956 Scrapped in 1956 Bleasdale
5%
Hunt December 14, 1940 1940-1948 Scrapped in 1957 Blencathra
5%
Hunt June 27, 1942 1942-1959 Transferred to Greece as Pindos, scrapped in 1960 Bolebroke
5%
Hunt July 20, 1942 1942-1945 Transferred to Greece as Adrias, scrapped in 1945 Border
5%
Hunt II May 9, 1941 1941-1968 Scrapped in 1968 Brocklesby
5%
C May 13, 1946 1946-1961 Scrapped in 1961 Chivalrous
5%
Hunt September 18, 1940 1940-1945 Scrapped in 1959 Cleveland
5%
Battle November 27, 1946 1946-1963 Scrapped in 1965 Corunna
5%
Hunt November 16, 1940 1940-1956 Scrapped in 1957 Cotswold
5%
Hunt June 29, 1941 1941-1957 Scrapped in 1957 Croome
5%
Hunt September 28, 1941 1941-1943 Sunk by German glide bomb on November 13, 1943 Dulverton
5%
Hunt III December 7, 1942 1942-1947 Scrapped in 1953 Easton
5%
Hunt November 6, 1942 1942-1944 Irreparably damaged by mine on July 24, 1944 Goathland
5%
Hunt II February 5, 1942 1942-1942 Sunk by U-77 on June 12, 1942 Grove
5%
Hunt December 15, 1942 1942-1945 Transferred to Free French as La Combattante, Mined on February 23, 1945 Haldon
5%
Hunt June 8, 1940 1940-1955 Scrapped in 1957 Hambledon
5%
Hunt July 27, 1942 1942-1959 Transferred to Greece as Kanaris, Scrapped in 1960 Hatherleigh
5%
Hunt II June 21, 1941 1941-1942 Sunk by U-652 on March 20, 1942 Heythrop
5%
Hunt September 16, 1942 1942-1943 Sunk by U-593 on December 12, 1943 Holcombe
5%
Hunt August 10, 1940 1940-1946 Scrapped in 1956 Holderness
5%
Hunt II April 2, 1942 1942-1960 Transferred to Greece as Kriti, scrapped in 1960 Hursley
5%
Hunt II October 5, 1941 1941-1943 Mined on October 22, 1943 Hurworth
5%
Hunt December 30, 1940 1940-1978 Transferred to Ecuador, Scrapped in 1978? Meynell
5%
Hunt II January 10, 1942 1942-1955 Scrapped in 1957 Middleton
5%
Battle Cancelled N/A Scrapped in the late 1950's Namur
5%
Hunt June 17, 1941 1941-1942 Transferred to Poland as Kujawiak, mined on June 16, 1942 Oakley
5%
Battle Cancelled N/A Scrapped immediately upon launching Poictiers
5%
Hunt I November 8, 1940 1940-1946 Scrapped in 1956 Southdown
5%
Hunt II October 9, 1941 1941-1942 Mined on March 24, 1942 Southwold
5%
Hunt II December 2, 1941 1941-1957 Scrapped in 1957 Tetcott
5%
V September 10, 1943 1943-1963 Scrapped in 1965 Vigilant
5%
Hunt February 28, 1941 1941-1959 Scrapped in 1959 Whaddon
5%
Battle February 14, 1947 1947-1968 Scrapped in 1978 Barrosa
3%
Hunt II June 16, 1942 1942-1959 Transferred to Greece as Themistoklis, scrapped in 1960 Bramham
3%
Hunt IV December 18, 1942 1942-1945 Scrapped in 1961 Brecon
3%
Weapon Cancelled N/A N/A Carronade
3%
Daring Cancelled N/A N/A Demon
3%
Daring Cancelled N/A N/A Dervish
3%
Daring Cancelled N/A N/A Desire
3%
G Cancelled N/A N/A Guernsey
3%
Hunt October 24, 1942 1942-1956 Scrapped in 1958 Haydon
3%
Weapon Cancelled N/A N/A Howitzer
3%
Hunt November 25, 1952 1942-1959 Transferred to Greece as Miaoulis, scrapped in 1960 Modbury
3%
Battle Cancelled N/A Scrapped immediately upon launching Navarino
3%
Battle Cancelled N/A Broken up on the slipway Omdurman
3%
Battle Cancelled N/A Scrapped in the late 1950's Oudenarde
3%
Weapon Cancelled N/A N/A Poniard
3%
Battle Cancelled N/A Broken up on the slipway River Plate
3%
Hunt November 4, 1942 1942-1946 Scrapped in 1946 Rockwood
3%
Battle Cancelled N/A Broken up on the slipway San Domingo
3%
Hunt III March 18, 1943 1943-1959 Scrapped in 1959 Stevenstone
3%
Battle Cancelled N/A Scrapped immediately upon launching Talavera
3%
Hunt III September 4, 1942 1942-1962 Transferred to Greece as Adrias, returned, scrapped in 1964 Tanatside
3%
Battle Cancelled N/A Scrapped immediately upon launching Trincomalee
3%
Hunt November 3, 1941 1941-1957 Scrapped in 1957 Wheatland
3%
Weapon Cancelled N/A N/A Celt
2%
G Cancelled N/A N/A Gael
2%
G Cancelled N/A N/A Gift
2%
Hunt October 24, 1942 1942-1943 Sunk by German torpedo boat T22 on October 23, 1943 Limbourne
2%
Hunt October 10, 1942 1942-1956 Scrapped in 1956 Melbreak
2%
Hunt May 7, 1942 1942-1968 Sold to West Germany as Gneisenau, scrapped in 1977 Tickham
2%
No matching quizzes found
Score Distribution
Percent of People with Each Score
Percentile by Number Answered
Your Score History
You have not taken this quiz